ARRUPE JESUIT UNIVERSITY

CORONAVIRUS -STOP THE SPREAD - CLEAN,DISINFECT,COVER
Normal view MARC view

Entry Topical Term

Number of records used in: 1

001 - CONTROL NUMBER

  • control field: 5790

003 - CONTROL NUMBER IDENTIFIER

  • control field: ARRUPE

005 - DATE AND TIME OF LATEST TRANSACTION

  • control field: 20131216173934.0

008 - FIXED-LENGTH DATA ELEMENTS

  • fixed length control field: 131216|| aca||aabn | a|a d

040 ## - CATALOGING SOURCE

  • Original cataloging agency: ARRUPE
  • Transcribing agency: ARRUPE

150 ## - HEADING--TOPICAL TERM

  • Topical term or geographic name as entry element: Zimbabwe - History - Shona revolt. Fiction; Africa, Southern - Fiction

670 ## - SOURCE DATA FOUND

  • Source citation: Work cat.: (ARRUPE): Schreiner, Olive 5789, Trooper Peter Halket of Mashonaland, 2001

 

Arrupe Library. PO Box MP320 Mt Pleasant, Harare, Zimbabwe
263 242 745411|librarian@aju.ac.zw